Library of the University of Algiers 3
Ibrahim Sultan Cheibout
شعار جامعة الجزائر 3
مكتبة جامعة الجزائر 3
إبراهيم سلطان شيبوط

مبادئ المحاسبة المالية ج2 / (رقم التسجيلة. 42069)

تفاصيل مارك
000 -LEADER
fixed length control field 01672nam a2200229Ia 4500
003 - CONTROL NUMBER IDENTIFIER
control field Ost
005 - DATE AND TIME OF LATEST TRANSACTION
control field 20260507075000.0
008 - FIXED-LENGTH DATA ELEMENTS--GENERAL INFORMATION
fixed length control field 260507s9999||||xx |||||||||||||| ||und||
020 ## - INTERNATIONAL STANDARD BOOK NUMBER
International Standard Book Number 9957160478
040 ## - CATALOGING SOURCE
Transcribing agency fsecg
041 ## - LANGUAGE CODE
Language code of text/sound track or separate title ara
082 ## - DEWEY DECIMAL CLASSIFICATION NUMBER
Classification number 657.48
100 ## - MAIN ENTRY--PERSONAL NAME
Personal name الدليمي، خليل
Relator term مؤلف
245 #0 - TITLE STATEMENT
Title مبادئ المحاسبة المالية ج2 /
Statement of responsibility, etc. خليل الدليمي
260 ## - PUBLICATION, DISTRIBUTION, ETC.
Place of publication, distribution, etc. عمان:
Name of publisher, distributor, etc. دار الثقافة,
Date of publication, distribution, etc. 2005
300 ## - PHYSICAL DESCRIPTION
Extent 464 صفحة؛
Other physical details إيضاحات ؛
Dimensions 25 سم
504 ## - BIBLIOGRAPHY, ETC. NOTE
Bibliography, etc. note بيبليوغرافيا ص.367
520 ## - SUMMARY, ETC.
Summary, etc. جاء هذا الكتاب في تسعة فصول مكملاً للفصول السابقة في الجزء الأول تناولنا فيه الأسس النظرية والمنهجية العلمية لتحليل العمليات المالية وفق القيد المزدوج وتسجيلها وتبويبها لغاية إنجاز الدورة المحاسبية الكاملة، وأنواع الأخطاء المحاسبة وكيفية اكتشافها وتصحيحها وفق الأصول المحاسبية بصور سهلة ومبسطة ودعمة بالتطبيقات العلمية المحلولة وغير المحلولة و التسويات الجردية لبعض الحسابات، مستندين الى أساس الاستحقاق، والذي يعطي لكل سنة مستحقاتها من إيرادات ومصروفات تخصها ونفصلها عن السنوات الاخرى محققاً بذلك فرض الفترة المحاسبية.
653 ## - INDEX TERM--UNCONTROLLED
Uncontrolled term محاسبة مالية
700 ## - ADDED ENTRY--PERSONAL NAME
Personal name الساكني، عبدالرزاق
Relator term مؤلف ثانوي
942 ## - ADDED ENTRY ELEMENTS (KOHA)
Koha item type كتب
المقتنيات
Withdrawn status Lost status Source of classification or shelving scheme Damaged status Not for loan Home library Current library Date acquired Serial enumeration / chronology Inventory number Total checkouts Full call number Barcode Date last seen Price effective from Koha item type
    Dewey Decimal Classification   NOT LOAN / إعارة داخلية مكتبة كلية العلوم الإقتصادية والعلوم التجارية وعلوم التسيير مكتبة كلية العلوم الإقتصادية والعلوم التجارية وعلوم التسيير 07/05/2026 الطابق الأرضي 27131   أ/2746/ج2ن1 27131 07/05/2026 07/05/2026 كتب
    Dewey Decimal Classification   Available مكتبة كلية العلوم الإقتصادية والعلوم التجارية وعلوم التسيير مكتبة كلية العلوم الإقتصادية والعلوم التجارية وعلوم التسيير 07/05/2026 الطابق الأرضي 27132   أ/2746/ج2ن2 27132 07/05/2026 07/05/2026 كتب

موارد الويب المفتوحة


© University of Algiers 3 All Rights Reserved
|
Implemented by LECHELAH Riad